|
|
|
|
| LEADER |
03591nam a22005415i 4500 |
| 001 |
978-88-470-1735-1 |
| 003 |
DE-He213 |
| 005 |
20151204161925.0 |
| 007 |
cr nn 008mamaa |
| 008 |
110217s2011 it | s |||| 0|ita d |
| 020 |
|
|
|a 9788847017351
|9 978-88-470-1735-1
|
| 024 |
7 |
|
|a 10.1007/978-88-470-1735-1
|2 doi
|
| 040 |
|
|
|d GrThAP
|
| 050 |
|
4 |
|a RC109-216
|
| 072 |
|
7 |
|a MJCJ
|2 bicssc
|
| 072 |
|
7 |
|a MED022090
|2 bisacsh
|
| 082 |
0 |
4 |
|a 616.9
|2 23
|
| 100 |
1 |
|
|a Frank, Uwe.
|e author.
|
| 245 |
1 |
0 |
|a La guida Daschner alla Terapia antibiotica in ospedale
|h [electronic resource] /
|c by Uwe Frank, Evelina Tacconelli.
|
| 264 |
|
1 |
|a Milano :
|b Springer Milan,
|c 2011.
|
| 300 |
|
|
|a 312 pagg. 18 figg.
|b online resource.
|
| 336 |
|
|
|a text
|b txt
|2 rdacontent
|
| 337 |
|
|
|a computer
|b c
|2 rdamedia
|
| 338 |
|
|
|a online resource
|b cr
|2 rdacarrier
|
| 347 |
|
|
|a text file
|b PDF
|2 rda
|
| 505 |
0 |
|
|a 1 Classificazione degli antibiotici -- 2 Principi attivi e nomi commerciali -- 3 Principi di terapia antibiotica -- 4 Gli errori più comuni nella terapia antibiotica -- 5 Principali infezioni e loro diagnosi microbiologica -- 6 Collaborazione con i microbiologi -- 7 Resistenza dei principali agenti patogeni clinici -- 8 Patogeni più frequenti – Scelta degli antibiotici -- 10 Terapia antibiotica delle principali infezioni in bambini e adulti -- 12 Durata minima del trattamento nelle infezioni batteriche -- 13 Fallimento della terapia antibiotica -- 14 Febbre di origine sconosciuta: diagnosi differenziale -- 15 Dosaggio degli antibiotici nell’insufficienza renale -- 16 Terapia antibiotica in emodialisi, dialisi peritoneale ed emofiltrazione continua -- 17 Terapia antibiotica in gravidanza e allattamento -- 18 Dosaggio degli antibiotici nell’insufficienza epatica -- 19 Diffusione degli antibiotici nel fluido cerebrospinale e negli ascessi cerebrali -- 20 Antibiotici locali -- 21 Profilassi con terapia antibiotica -- 22 Incompatibilità fisica di antibiotici e antimicotici nelle soluzioni per infusione -- 23 Siti Web utili.
|
| 520 |
|
|
|a Maneggevole - concisa - chiara La guida tascabile “sempre pronta” per il trattamento delle malattie infettive, in cui troverete – i più importanti antibiotici e antimicotici: spettro - dosaggio - effetti avversi – numerose tabelle organizzate per sostanza, agenti patogeni, indicazioni – uso degli antibiotici in condizioni particolari quali gravidanza, insufficienza renale o epatica, dialisi – valutazione dei costi delle terapie Contiene inoltre numerosi suggerimenti e consigli per la soluzione di problemi: – errori potenziali – fallimenti terapeutici – profilassi chirurgica Aggiornata in base agli standard europei:resistenza, nuove sostanze, autorizzazioni e nomi commerciali La prima guida agli antibiotici per l’Europa!
|
| 650 |
|
0 |
|a Medicine.
|
| 650 |
|
0 |
|a Gynecology.
|
| 650 |
|
0 |
|a Critical care medicine.
|
| 650 |
|
0 |
|a Internal medicine.
|
| 650 |
|
0 |
|a Infectious diseases.
|
| 650 |
|
0 |
|a Otorhinolaryngology.
|
| 650 |
|
0 |
|a Surgery.
|
| 650 |
1 |
4 |
|a Medicine & Public Health.
|
| 650 |
2 |
4 |
|a Infectious Diseases.
|
| 650 |
2 |
4 |
|a Internal Medicine.
|
| 650 |
2 |
4 |
|a Surgery.
|
| 650 |
2 |
4 |
|a Gynecology.
|
| 650 |
2 |
4 |
|a Intensive / Critical Care Medicine.
|
| 650 |
2 |
4 |
|a Otorhinolaryngology.
|
| 700 |
1 |
|
|a Tacconelli, Evelina.
|e author.
|
| 710 |
2 |
|
|a SpringerLink (Online service)
|
| 773 |
0 |
|
|t Springer eBooks
|
| 776 |
0 |
8 |
|i Printed edition:
|z 9788847017344
|
| 856 |
4 |
0 |
|u http://dx.doi.org/10.1007/978-88-470-1735-1
|z Full Text via HEAL-Link
|
| 912 |
|
|
|a ZDB-2-SME
|
| 950 |
|
|
|a Medicine (Springer-11650)
|